| 000 | 00481cam a2200181ua 4500 | ||
|---|---|---|---|
| 020 | _c125.00 | ||
| 041 |
_aeng _h |
||
| 082 |
_a631.458 _bNER/HE |
||
| 100 | _aNerpin, S V . | ||
| 245 |
_aHeat and mass transfer in the plant- soil- air system / _cS V Nerpin. _hTextual Documents |
||
| 260 |
_aNew Delhi : _bOxonian Press Pvt Ltd , _c1984. |
||
| 300 | _a355 ; . | ||
| 365 | _a125.00 | ||
| 504 | _a | ||
| 700 | 1 | _aChudnaskil, A F . | |
| 942 | _cBK | ||
| 999 |
_c2711 _d2711 |
||